Marvel Characters by Pictures - MCU - Easy - Statistics

General Stats
  • This quiz has been taken 219 times
  • The average score is 27 of 28
Answer Stats
Picture Answer % Correct
Captain-America
100%
Hulk
99%
Iron-man
99%
Spider-man
99%
Thor
99%
Loki
98%
Thanos
98%
Black Widow
97%
Deadpool
97%
Dr Strange
97%
Groot
97%
Ant-man
96%
Black Panther
96%
Hawkeye
96%
Captain Marvel
95%
Scarlet Witch
95%
Gamora
94%
Starlord
94%
Bucky
93%
Nick Fury
93%
Rocket
93%
Vision
93%
Wasp
93%
Falcon
92%
War Machine
90%
Ultron
89%
Pepper Potts
86%
Drax
85%
No matching quizzes found
Score Distribution
Percent of People with Each Score
Percentile by Number Answered
Your Score History
You have not taken this quiz